Nákupní chování

Salvato in:
Dettagli Bibliografici
Autore principale: Schiffman, Leon G.
Altri autori: Kanuk, Leslie Lazar, Jungmann, Vilém
Natura: Libro
Lingua:ceco
Pubblicazione: Brno Computer Press 2004
Serie:Praxe manažera
Business books
Soggetti:
Tags: Aggiungi Tag
Nessun Tag, puoi essere il primo ad aggiungerne!!

MARC

LEADER 00000nam$a2200000$$$4500
001 0019799
005 20240306141543.8
020 |a 80-251-0094-4 
041 0 |a cze 
044 |a CZ 
245 1 0 |a Nákupní chování  |c Leon G. Schiffman, Leslie Lazar Kanuk ; překlad: Vilém Jungmann 
264 1 |a Brno  |b Computer Press  |c 2004 
300 |a 633 s. 
490 1 |a Praxe manažera 
830 0 |a Praxe manažera 
490 1 |a Business books 
830 0 |a Business books 
610 2 0 |a správanie spotrebiteľa 
610 2 0 |a marketing 
610 2 0 |a zákazníci 
610 2 0 |a spokojnosť zákazníkov 
610 2 0 |a výskum 
610 2 0 |a spotrebitelia 
610 2 0 |a segmentácia trhu 
610 2 0 |a motivácia 
610 2 0 |a osobnosť 
610 2 0 |a postoje 
610 2 0 |a komunikácia 
610 2 0 |a skupiny sociálne 
610 2 0 |a triedy spoločenské 
610 2 0 |a kultúra 
100 1 |a Schiffman, Leon G. 
700 1 |a Kanuk, Leslie Lazar 
700 1 |a Jungmann, Vilém